000 00266nam a2200121 4500
999 _c12475
_d12475
003 OSt
005 20240118084307.0
008 231226b ||||| |||| 00| 0 eng d
020 _a9789881566287
082 _a725.8042
245 _aCultural architecture
942 _2ddc